000 01169cam a2200337 c 4500
001 45182
003 Mx-PuUPA
005 20240607143115.0
008 140415s2022 ck ad gr 000 0 spa d
020 _a9789587923681
040 _cMx-PuUPA
_aMx-PuUPA
_bspa
_dMx-PuUPA
_erda
041 0 _aeng
100 1 _aMoreno Mahecha, Luz Eneida,
_915619
_eautor
245 1 0 _aAuditoría forense :
_buna guía práctica para la excelencia en la ciencia, auditoría e informática forense /
_cLuz Eneida Moreno Mahecha
250 _aPrimera edición
264 1 _aBogotá, Colombia :
_bEdiciones de la U,
_c2022
300 _a265 páginas :
_bilustraciones, diagramas ;
_c24 cm
336 _2rdacontent
_atexto
_btxt
336 _2rdacontent
_aimagen fija
_bsti
337 _2rdamedia
_asin medio
_bn
338 _2rdacarrier
_avolumen
_bnc
490 0 _aAuditoría
650 7 _2armarc
_aAuditoría
650 7 _2armarc
_aInvestigación
650 7 _2armarc
_aAuditoría forense
650 7 _2armarc
_aCibercrimen
650 7 _2armarc
_aLavado de dinero
942 _2ddc
_cLI
_h363.25963
_iM827
999 _c45182
_d45182